000 00641nam a2200241Ia 4500
003 OSt
005 20220923230523.0
006 a|||||r|||| 00| 0
007 ta
008 Pun
024 _a282,735
037 _cTextual
040 _aARTS
_cARTS
_bPun
041 _2Pun
_aPun
082 _aO153,3NHAIx, M0
100 _aਹਰਜਿੰਦਰਮੀਤ
245 0 _aਧਰਤੀ ਮੀ੍ਵਹ ਮੰਗਦੀ ਹੈ
260 _c1980
300 _a79ਪੰ
_ccm.
650 _aਪੰਜਾਬੀ ਸਾਹਿਤ
942 _hO153,3NHAIx, M0
_cTEXL
_2CC
999 _c385429
_d385429